000
00304nam a2200109Ia 4500
008
220204s9999 xx 000 0 und d
082
_a
330.115
_b
INT.3A
245
0
_a
Frontiers of quantitative economics. V 3A.
260
_a
New York
_b
North Holland
_c
1977
700
_a
INTRILIGATOR, Michael D
942
_c
BK
999
_c
28689
_d
28689